LEADER 00852naa a2200217 u 4500 001 000000093143 003 CaOOAMICUS 005 20070226130132.0 008 010621s1928 fr u000 u fre u 035 $a10893432 040 $aPUL(R)$bita 100 1 $aEysinga, Willem Jan Marie van,$d1878-1961.$0(OLS)http://pul/name/59964 245 13$aLa guerre chimique et le mouvement pour sa répression /$cpar W.J.M. van Eysinga. 260 $a[S. l. :$bs. n.],$c1928. 300 $aP. [324-384] 504 $aBibliografia in nota. 650 4$aDiritto internazionale$xGuerra.$0(OLS)http://pul/subject/23389 773 0 $tRecueil des cours$gv.I (1927) 773 0 $tRecueil des cours 1927$w()59471 996 $6245$aLa guerre chimique et le mouvement pour sa répression$9(OLS)http://pul/title/120020 996 $6260$a[S. l. :$bs. n.]$9(OLS)http://pul/publisher/47882 LEADER 01516nam a2200325 u 4500 001 000000070282 003 CaOOAMICUS 005 20070226122014.0 008 020502s1978 it u000 u ita u 035 $a10928512 040 $aPUL(R)$bita 245 00$aColonialismo e neocolonialismo /$cRoger Bastide [et al...]. 260 $aBari :$bLaterza,$c1978. 300 $a2 v. ;$c18 cm 490 1 $aStoria delle religioni ;$v18, 1/2 490 1 $aUniversale Laterza ;$v465-466 500 $aContiene indici. 500 $aContributi di vari autori. 504 $aBibliografia in appendice. 650 4$aStoria delle religioni.$0(OLS)http://pul/subject/9425 651 4$aAmerica$xColonie europee$xStoria religiosa.$0(OLS)http://pul/subject/25167 700 1 $aBastide, Roger,$d1898-1974.$0(OLS)http://pul/name/39853 830 0$aUniversale Laterza ;$v465-466.$0(OLS)http://pul/title/569 830 0$aStoria delle religioni (Laterza) ;$v18, 1/2.$0(OLS)http://pul/title/64845 850 $aPUL 852 $aPUL$W1$xDP1 Cons. Gen., Altre Classi 1$y22$m781 A 19.1-2 (471-472)$j90940$nBK-PRI$b $qStampati$B90940$CPULBib$Z2$F90940 $H $81 852 $aPUL$W1$xDP1 Cons. Gen., Altre Classi 1$y22$m781 A 19.1-2 (471-472)$j90940$nBK-PRI$b $qStampati$B90941$CPULBib$Z2$F90941 $H $81 941 1 $a8 996 $6245$aColonialismo e neocolonialismo$9(OLS)http://pul/title/92679 996 $6260$aBari :$bLaterza$9(OLS)http://pul/publisher/47895